000 00340 a2200157 4500
001 184832
020 _a85-7344-466-5
040 _cMagnum
100 _aTwain, Mark
240 1 0 _aTom sawyer detetive
_lpor
245 1 0 _aTom sawyer detetive
300 _a80
362 0 _a2000
697 _aLITERATURA JUVENIL ESTRANGEIRA
942 _cBK
999 _c184832
_d184832